[Event "SRB-chT 1st League CS"]
[Site "Bajina Basta"]
[Date "2021.09.27"]
[Round "2.6"]
[White "Djordjevic, Dejan N"]
[Black "Radovanovic, Dusan"]
[Result "0-1"]
[WhiteElo "2144"]
[BlackElo "2310"]
[PlyCount "86"]
[EventDate "2021.09.26"]
[EventType "team-tourn"]
[EventRounds "11"]
[EventCountry "SRB"]
[SourceTitle "EXT 2023"]
[Source "ChessBase"]
[SourceDate "2022.10.05"]
[SourceVersion "1"]
[SourceVersionDate "2022.10.05"]
[SourceQuality "1"]
[WhiteTeam "Nis Nais"]
[BlackTeam "Pozega"]
[WhiteTeamCountry "SRB"]
[BlackTeamCountry "SRB"]

1. e4 c5 2. Nc3 Nc6 3. g3 g6 4. Bg2 Bg7 5. Nge2 d6 6. 0-0 e5 7. d3 Nge7 8. Be3 0-0 9. Qd2 Nd4 10. f4 Be6 11. h3 Qd7 12. Kh2 Rad8 13. Ng1 b6 14. Nf3 Nxf3+ 15. Rxf3 d5 16. exd5 Nxd5 17. fxe5 Nxc3 18. Qxc3 Bd5 19. Rf2 Bxg2 20. Rxg2 Qf5 21. Rf2 Qxe5 22. Qxe5 Bxe5 23. Rb1 Rfe8 24. Bg5 f6 25. Bd2 h5 26. Bc3 f5 27. Kg2 Bd4 28. Bxd4 Rxd4 29. Rbf1 Kg7 30. h4 Rg4 31. Rf4 Kf6 32. Rxg4 hxg4 33. Kf2 g5 34. Rh1 f4 35. hxg5+ Kxg5 36. Rh7 f3 37. Rg7+ Kh5 38. Rh7+ Kg5 39. Rxa7 Re2+ 40. Kf1 Rxc2 41. b3 Rg2 42. Rb7 Rxg3 43. Rxb6 Kf4 0-1

[Event "SRB-chT 1st League CS"]
[Site "Bajina Basta"]
[Date "2021.09.26"]
[Round "1.6"]
[White "Radovanovic, Dusan"]
[Black "Colovic, Dusan"]
[Result "1-0"]
[WhiteElo "2310"]
[BlackElo "2239"]
[PlyCount "79"]
[EventDate "2021.09.26"]
[EventType "team-tourn"]
[EventRounds "11"]
[EventCountry "SRB"]
[SourceTitle "EXT 2023"]
[Source "ChessBase"]
[SourceDate "2022.10.05"]
[SourceVersion "1"]
[SourceVersionDate "2022.10.05"]
[SourceQuality "1"]
[WhiteTeam "Pozega"]
[BlackTeam "Gornji Milanovac Metalac"]
[WhiteTeamCountry "SRB"]
[BlackTeamCountry "SRB"]

1. e4 c5 2. Nf3 Nc6 3. Bb5 d6 4. 0-0 Bd7 5. Re1 Nf6 6. c3 a6 7. Bf1 Bg4 8. d4 Bxf3 9. gxf3 e5 10. dxc5 dxc5 11. Qxd8+ Rxd8 12. Na3 Be7 13. Nc4 Nh5 14. a4 0-0 15. Be3 f5 16. exf5 Rxf5 17. Rad1 Rff8 18. Bh3 Nf4 19. Bd7 Ng6 20. Bxc6 bxc6 21. Rxd8 Rxd8 22. Kf1 Kf7 23. Ke2 Ke6 24. Rg1 Rf8 25. Rg4 Rf5 26. Na5 Kd5 27. c4+ Kd6 28. Nb3 Ke6 29. Bxc5 Rh5 30. Bxe7 Kxe7 31. Nc5 Rxh2 32. Nxa6 Rh1 33. Nc5 Rb1 34. Nd3 Kf6 35. Kd2 h5 36. Rg2 Nh4 37. Rh2 Ra1 38. b3 Ra2+ 39. Kc3 Kg5 40. Nc1 1-0